Física Para Ciencias e Ingeniería, Tomo II

Bibliographic Details
Main Authors: McKelvey, John P, Grotch, Howard.
Format: Section = Libro
Language:Undetermined
Spanish
Published: México Pearson Educación 1980
Subjects:
LEADER 00570nam a2200217Ia 4500
008 241007s9999||||xx |||||||||||||| ||und||
040 |a BIBLIOTECA-RURC/ 530 M154 
041 |a spa 
082 |a 530 M154 
100 1 |a McKelvey, John P 
100 1 |b Grotch, Howard. 
245 1 0 |a Física Para Ciencias e Ingeniería, Tomo II 
260 |a México  |b Pearson Educación  |c 1980 
300 |a 641 p. :il. 
650 7 |a ELECTROSTATICA 
650 7 |b  CAMPO MAGNETICO 
650 7 |c  RELATIVIDAD 
650 7 |d  FÍSICA CUANTICA 
942 |c BK  |2 ddc 
991 |a TEXTO 
999 |c 14399